000 00324nam a2200121Ia 4500
008 241028s9999 xx 000 0 und d
041 _aeng
082 _a658.5 DIC
100 _aJudy Dickens
245 _aNew Frontiers In Supply Chain Management
260 _bMurphy & Moore Publishing
_aUSA
_c2022
300 _a242;. P. 28 cm
999 _c42911
_d42911